| 000 | 00441 a2200169 4500 | ||
|---|---|---|---|
| 001 | 170963 | ||
| 020 | _a85-359-0412-3 | ||
| 040 | _cMagnum | ||
| 100 | _aGrenier, Christian | ||
| 240 | 1 | 0 |
_aContos e lendas: os doze trabalhos de hércules _lpor |
| 245 | 1 | 0 | _aContos e lendas: os doze trabalhos de hércules |
| 300 | _a271 | ||
| 362 | 0 | _a2003 | |
| 440 | 1 | _aCompanhia das Letras | |
| 697 | _aLITERATURA JUVENIL ESTRANGEIRA | ||
| 942 | _cBK | ||
| 999 |
_c170963 _d170963 |
||